Statistika Ekonomicko-statistický časopis

Salvato in:
Dettagli Bibliografici
Natura: Periodico
Lingua:ceco
Pubblicazione: Praha Panorama 1992
Soggetti:
Tags: Aggiungi Tag
Nessun Tag, puoi essere il primo ad aggiungerne!!

MARC

LEADER 00000nas2a2200000 4500
001 s016450
005 20180117152328.4
022 |a 0322-788X 
041 0 |a cze 
044 |a CZ 
245 1 0 |a Statistika  |b Ekonomicko-statistický časopis 
264 1 |a Praha  |b Panorama  |c 1992 
300 |a 1 zv. 
773 0 |w eu_un_cat*s120025 
610 2 0 |a štatistika 
610 2 0 |a výskum štatistický 
610 2 0 |a teória štatistiky